<?xml version="1.0" encoding="UTF-8"?><?xml-stylesheet type="text/xsl" href="static/style.xsl"?><OAI-PMH xmlns="http://www.openarchives.org/OAI/2.0/" xmlns:xsi="http://www.w3.org/2001/XMLSchema-instance" xsi:schemaLocation="http://www.openarchives.org/OAI/2.0/ http://www.openarchives.org/OAI/2.0/OAI-PMH.xsd"><responseDate>2026-06-29T01:32:34Z</responseDate><request verb="GetRecord" identifier="oai:docta.ucm.es:20.500.14352/121188" metadataPrefix="marc">https://docta.ucm.es/rest/oai/request</request><GetRecord><record><header><identifier>oai:docta.ucm.es:20.500.14352/121188</identifier><datestamp>2025-06-11T23:52:02Z</datestamp><setSpec>com_20.500.14352_14</setSpec><setSpec>col_20.500.14352_15</setSpec></header><metadata><record xmlns="http://www.loc.gov/MARC21/slim" xmlns:dcterms="http://purl.org/dc/terms/" xmlns:xsi="http://www.w3.org/2001/XMLSchema-instance" xmlns:doc="http://www.lyncode.com/xoai" xsi:schemaLocation="http://www.loc.gov/MARC21/slim http://www.loc.gov/standards/marcxml/schema/MARC21slim.xsd">
   <leader>00925njm 22002777a 4500</leader>
   <datafield ind2=" " ind1=" " tag="042">
      <subfield code="a">dc</subfield>
   </datafield>
   <datafield ind2=" " ind1=" " tag="720">
      <subfield code="a">Potenciano De Las Heras, Ángela</subfield>
      <subfield code="e">author</subfield>
   </datafield>
   <datafield ind2=" " ind1=" " tag="720">
      <subfield code="a">Marfil Pérez, Rafaela</subfield>
      <subfield code="e">author</subfield>
   </datafield>
   <datafield ind2=" " ind1=" " tag="720">
      <subfield code="a">Garzón Heydt, Guillermina</subfield>
      <subfield code="e">author</subfield>
   </datafield>
   <datafield ind2=" " ind1=" " tag="260">
      <subfield code="c">1997</subfield>
   </datafield>
   <datafield ind2=" " ind1=" " tag="520">
      <subfield code="a">The paleosoils of the Miocene from the Amarguillo river basin show an important development of edaphic features. These are principally argillaceous fillings of old root casts. These rizocretions show several different textures of cements such as radial-fibrous calcite, sparry and microstalactitic. They also show some argillaceous aggregates, Fe-Mn and Ti oxides in addition to other detrital grains. The characteristics of these fillings are due to the activity related to the flow of the soil porewater and the biologic control of some of these processes. Barite idiomorphic crystals are authigenic minerals growing in some of the rizocretions, which indicate excepcionally dry climatic conditions during determinated
periods of the soil development. The paleosoils studied and classified as alfisols and ultisols, had a shallow burial and belong to time periods with scarce precipitations and alkaline-saline porewater flow.</subfield>
   </datafield>
   <datafield ind1="8" ind2=" " tag="024">
      <subfield code="a">Potenciano de las Heras, Á., Marfil Pérez, R. y Garzón Heydt, G. (1997) «Estudio textural y mineralógico de rizocreciones en los suelos terciarios de la cuenca del río Amarguillo (Toledo)», Geogaceta, 22, pp. 161-164.</subfield>
   </datafield>
   <datafield ind1="8" ind2=" " tag="024">
      <subfield code="a">0213-683X</subfield>
   </datafield>
   <datafield ind1="8" ind2=" " tag="024">
      <subfield code="a">https://hdl.handle.net/20.500.14352/121188</subfield>
   </datafield>
   <datafield ind1="8" ind2=" " tag="024">
      <subfield code="a">https://sociedadgeologica.org/publicaciones/geogaceta/geogaceta-22-1997/</subfield>
   </datafield>
   <datafield ind2="0" ind1="0" tag="245">
      <subfield code="a">Estudio textural y mineralógico de rizocreciones en los suelos terciarios de la cuenca del río Amarguillo (Toledo)</subfield>
   </datafield>
   <datafield ind2="0" ind1="0" tag="245">
      <subfield code="a">Textural and mineralogical analysis of the rizocretions in the tertiary soils of the Amarguillo river basin (Toledo)</subfield>
   </datafield>
</record></metadata></record></GetRecord></OAI-PMH>